[Event "AUTO-ELITE-1031"]
[Site "http://www.queenalice.com/game.php?id=1091429"]
[Date "2012.8.8"]
[Round "1"]
[White "Miguelname"]
[Black "capaputi"]
[Result "1-0"]
[WhiteElo "2480"]
[BlackElo "2278"]

1. d4 Nf6 2. c4 c5 3. d5 b5 4. cxb5 a6 5. bxa6 Bxa6 6. Nc3 g6 7. Nf3 Bg7 8. e4
Bxf1 9. Kxf1 d6 10. g3 Nbd7 11. Kg2 O-O 12. Re1 Ng4 13. h3 Nge5 14. Nxe5 Nxe5
15. f4 Nd7 16. a4 Nb8 17. Qe2 Na6 18. f5 Nb4 19. Rf1 Qc7 20. Bg5 Be5 21. h4 c4
22. Nb5 Qc5 23. Bxe7 Rfe8 24. Bg5 Nd3 25. fxg6 fxg6 26. Be3 Qc8 27. Ra3 Nxb2 28.
Bf4 Nxa4 29. Bxe5 Rxe5 30. Nxd6 Qc5 31. Nxc4 Ree8 32. Rfa1 Nc3 33. Rxa8 Nxe2 34.
Rxe8+ Kf7 35. Rc8 Qe7 36. Nd6+ Kg7 37. Rc7 1-0

[Event "AUTO-ELITE-1036"]
[Site "http://www.queenalice.com/game.php?id=1094216"]
[Date "2012.8.18"]
[Round "1"]
[White "Miguelname"]
[Black "sixk3b3g"]
[Result "1-0"]
[WhiteElo "2510"]
[BlackElo "2414"]

1. e4 e5 2. Nf3 Nf6 3. d4 Nxe4 4. Bd3 d5 5. Nxe5 Bd6 6. O-O O-O 7. c4 c6 8. Nc3
Nxc3 9. bxc3 dxc4 10. Nxc4 Be6 11. Nxd6 Qxd6 12. a4 Qd8 13. Ba3 Re8 14. Qb1 Nd7
15. Qxb7 Qb6 16. Rfb1 Qxb7 17. Rxb7 a5 18. Rab1 Nf6 19. R7b6 Bd7 20. c4 Ne4 21.
Rc1 Ng5 22. d5 cxd5 23. cxd5 Ne4 24. d6 Bxa4 25. f3 Nf6 26. Kf2 Bd7 27. Rb7 Bc8
28. Re7 Be6 29. Rcc7 Red8 30. Ra7 Nd7 31. Rxa8 Rxa8 32. Bb5 Rd8 33. Ke3 g5 34.
f4 h6 35. g3 Nb6 36. Kd4 Nd7 37. Bd3 Bb3 38. Bf5 Ba4 39. fxg5 hxg5 40. h4 1-0

[Event "AUTO-ELITE-1036"]
[Site "http://www.queenalice.com/game.php?id=1094217"]
[Date "2012.8.18"]
[Round "1"]
[White "sixk3b3g"]
[Black "Miguelname"]
[Result "1-0"]
[WhiteElo "2305"]
[BlackElo "2493"]

1. d4 Nf6 2. c4 e6 3. Nf3 d5 4. e3 dxc4 5. Bxc4 c5 6. Nc3 Be7 7. O-O cxd4 8.
exd4 O-O 9. Be3 Qc7 10. Bb3 Nc6 11. Rc1 a6 12. Qe2 Rd8 13. h3 Qb8 14. Rfd1 Nd5
15. a3 Nxe3 16. Qxe3 Qa7 17. Qf4 Qb8 18. Qe4 Na5 19. Ba2 b5 20. d5 1-0

[Event "AUTO-ELITE-1036"]
[Site "http://www.queenalice.com/game.php?id=1094218"]
[Date "2012.8.18"]
[Round "1"]
[White "Miguelname"]
[Black "PunditJi"]
[Result "1/2-1/2"]
[WhiteElo "2481"]
[BlackElo "2602"]

1. e4 c5 2. Nf3 Nc6 3. d4 cxd4 4. Nxd4 e5 5. Nb5 d6 6. N1c3 a6 7. Na3 b5 8. Nd5
Nf6 9. Bg5 Be7 10. Bxf6 Bxf6 11. c3 Bg5 12. Nc2 O-O 13. a4 bxa4 14. Rxa4 a5 15.
Bc4 Rb8 16. b3 Kh8 17. Nce3 Ne7 18. Nxe7 Qxe7 19. Nd5 Qd8 20. O-O f5 21. exf5
Bxf5 22. Qe2 Bd7 23. Ra2 Be6 24. Rd1 Rc8 25. Qe4 Bf5 26. Qe2 Be6 27. Qe4 Bf5 28.
Qe2 Be6 1/2-1/2

[Event "AUTO-ELITE-1036"]
[Site "http://www.queenalice.com/game.php?id=1094219"]
[Date "2012.8.18"]
[Round "1"]
[White "PunditJi"]
[Black "Miguelname"]
[Result "1-0"]
[WhiteElo "2609"]
[BlackElo "2487"]

1. d4 Nf6 2. c4 e6 3. Nf3 d5 4. Bg5 Bb4+ 5. Nc3 dxc4 6. e3 b5 7. a4 c6 8. g3 Bb7
9. Bg2 Nbd7 10. O-O a6 11. Ne4 h6 12. Nxf6+ Nxf6 13. Bxf6 gxf6 14. Ne1 h5 15. b3
cxb3 16. Nd3 b2 17. Ra2 Bd6 18. h4 Kf8 19. Qc2 Rb8 20. Qxb2 b4 21. a5 Qe7 22.
Rc1 e5 23. Nc5 Bc8 24. Ra4 exd4 25. exd4 Bxc5 26. dxc5 b3 27. Re4 Qd8 28. Rd4
Qe7 29. Re4 Be6 30. Bh3 Kg7 31. Bxe6 fxe6 32. Re3 Rb5 33. Rxb3 Rc8 34. Qa3 1-0

[Event "AUTO-OPEN-2615"]
[Site "http://www.queenalice.com/game.php?id=1094435"]
[Date "2012.8.19"]
[Round "2"]
[White "denisan"]
[Black "Miguelname"]
[Result "1/2-1/2"]
[WhiteElo "2348"]
[BlackElo "2483"]

1. e4 c5 2. Nf3 d6 3. d4 cxd4 4. Nxd4 Nf6 5. Nc3 a6 6. Nb3 Nc6 7. Be2 g6 8. f3
Bg7 9. Be3 O-O 10. O-O Qc7 11. f4 Re8 12. a3 e6 13. a4 b6 14. Qd2 Bb7 15. Bf3
Rad8 16. Rad1 Ne7 17. Rfe1 d5 18. e5 Nd7 19. Nd4 Nc5 20. b4 Nd7 21. Rb1 Rc8 22.
Rb3 g5 1/2-1/2

[Event "AUTO-OPEN-2615"]
[Site "http://www.queenalice.com/game.php?id=1094436"]
[Date "2012.8.19"]
[Round "2"]
[White "Miguelname"]
[Black "denisan"]
[Result "1-0"]
[WhiteElo "2516"]
[BlackElo "2489"]

1. e4 c5 2. Nf3 d6 3. d4 cxd4 4. Nxd4 Nf6 5. Nc3 a6 6. Bg5 e6 7. f4 Qb6 8. Nb3
Be7 9. Qf3 h6 10. Bh4 Qc7 11. Bd3 Nbd7 12. O-O-O b5 13. a3 Bb7 14. Kb1 O-O 15.
g4 Nc5 16. g5 hxg5 17. Bxg5 Nxd3 18. Qxd3 Nh5 19. Bxe7 Qxe7 20. Qxd6 Qxd6 21.
Rxd6 Nxf4 22. Nc5 Bc8 23. e5 Ng6 24. Re1 Nh4 25. b4 Re8 26. Kb2 Nf5 27. Rd3 Kf8
28. N3e4 Ke7 29. Nd6 Rh8 30. h3 Ra7 31. Red1 Nh4 32. Nxc8+ Rxc8 33. Rd7+ Rxd7
34. Rxd7+ Kf8 35. Nxa6 Nf3 36. Rb7 Nxe5 37. Rxb5 Nc4+ 38. Ka2 Ke7 39. Rb7+ Ke8
40. a4 e5 41. Kb3 Nd2+ 42. Kb2 e4 43. Rc7 Rd8 44. Kc1 e3 45. Kd1 Rd6 46. b5 f5
47. Ke2 f4 48. Rc6 Rxc6 49. bxc6 Ke7 50. Nb4 Kd6 51. c7 Kxc7 52. Nd5+ 1-0

[Event "AUTO-OPEN-2602"]
[Site "http://www.queenalice.com/game.php?id=1095336"]
[Date "2012.8.21"]
[Round "2"]
[White "puddschini"]
[Black "Miguelname"]
[Result "0-1"]
[WhiteElo "2545"]
[BlackElo "2501"]

1. e4 c5 2. Nf3 d6 3. d4 cxd4 4. Nxd4 Nf6 5. Nc3 a6 6. Be3 e5 7. Nb3 Be6 8. f3
Be7 9. Qd2 Nbd7 10. g4 O-O 11. O-O-O b5 12. g5 b4 13. gxf6 bxc3 14. Qxc3 Nxf6
15. Rg1 Qc8 16. Qa5 Qb7 17. Kb1 Rfc8 18. Bd3 Qc6 19. f4 Ng4 20. Bb6 h5 21. fxe5
dxe5 22. h3 Nf6 23. Be3 Nd7 24. Rg3 h4 25. Rf3 f5 26. Nd2 f4 27. Bg1 Rcb8 28.
Bc4 Bxc4 29. Nxc4 Rb5 30. Qc3 Rc8 31. Qd3 Qxc4 32. Qxc4+ Rxc4 33. Rxd7 Kf7 34.
Bf2 Ke6 35. Ra7 Rxe4 36. Rxa6+ Kf5 37. a4 Rbb4 38. b3 Re2 39. Bb6 Re1+ 40. Ka2
e4 41. Rc3 Rxb6 42. Rxb6 f3 0-1

[Event "AUTO-OPEN-2602"]
[Site "http://www.queenalice.com/game.php?id=1095337"]
[Date "2012.8.21"]
[Round "2"]
[White "Miguelname"]
[Black "puddschini"]
[Result "1-0"]
[WhiteElo "2504"]
[BlackElo "2548"]

1. e4 e6 2. d4 d5 3. Nc3 Nf6 4. Bg5 Be7 5. e5 Nfd7 6. Bxe7 Qxe7 7. f4 a6 8. Nf3
c5 9. Qd2 Nc6 10. dxc5 Qxc5 11. O-O-O b5 12. Kb1 b4 13. Ne2 a5 14. Rc1 Bb7 15.
Ned4 Nxd4 16. Nxd4 O-O 17. Be2 Rac8 18. c3 Qb6 19. cxb4 axb4 20. Rxc8 Rxc8 21.
Bb5 Nb8 22. Qxb4 Nc6 23. Nxc6 Bxc6 24. Rc1 Rb8 25. a4 Bxb5 26. Qxb5 Qxb5 27.
axb5 g5 28. fxg5 Rxb5 29. h4 Rb4 30. Rc8+ Kg7 31. g3 Rg4 32. Kc2 Rxg3 33. b4 Rg4
34. Kb3 Rxh4 35. b5 Rh1 36. Kb2 Rh4 37. Ka3 Rh1 38. Rc2 h5 39. gxh6+ Rxh6 40. b6
Rh8 41. Rg2+ Kf8 42. Rh2 Rg8 43. Rc2 Ke7 44. Kb4 Rg1 45. Rc7+ Kd8 46. Rxf7 Kc8
47. Kc5 Rg2 48. Rc7+ Kb8 49. Rd7 Rb2 50. Kc6 Rc2+ 51. Kd6 Rb2 52. Kxe6 1-0

[Event "AUTO-ELITE-1043"]
[Site "http://www.queenalice.com/game.php?id=1099327"]
[Date "2012.9.3"]
[Round "1"]
[White "Bruscato"]
[Black "Miguelname"]
[Result "0-1"]
[WhiteElo "2216"]
[BlackElo "2484"]

1. e4 c5 2. Nf3 d6 3. d4 cxd4 4. Nxd4 Nf6 5. Nc3 g6 6. Be3 Bg7 7. Be2 O-O 8. O-O
Nc6 9. Nxc6 bxc6 10. f4 Rb8 11. Rb1 Qc7 12. f5 d5 13. Bf4 Qb6+ 14. Kh1 dxe4 15.
Bxb8 Qxb8 16. fxg6 hxg6 17. Bc4 Ng4 18. g3 Ne3 19. Bxf7+ Rxf7 20. Qd8+ Bf8 21.
Rxf7 Kxf7 22. Re1 Qxb2 23. Nxe4 Qxc2 0-1

[Event "AUTO-ELITE-1043"]
[Site "http://www.queenalice.com/game.php?id=1099328"]
[Date "2012.9.3"]
[Round "1"]
[White "Miguelname"]
[Black "Bruscato"]
[Result "1-0"]
[WhiteElo "2488"]
[BlackElo "2199"]

1. e4 e6 2. d4 c5 3. d5 e5 4. f4 exf4 5. Bxf4 d6 6. Nc3 Nf6 7. Bd3 Be7 8. Nf3
O-O 9. e5 dxe5 10. Nxe5 Bd6 11. O-O Bxe5 12. Bxe5 Nbd7 13. Bg3 Re8 14. Qd2 Ne5
15. Rae1 Nxd3 16. Rxe8+ Qxe8 17. Qxd3 Qd7 18. h3 h6 19. d6 b6 20. Be5 Bb7 21.
Bxf6 gxf6 22. Rxf6 Re8 23. Rxh6 Re6 24. Qh7+ 1-0

[Event "AUTO-ELITE-1043"]
[Site "http://www.queenalice.com/game.php?id=1152594"]
[Date "2013.2.16"]
[Round "2"]
[White "Cuxtal"]
[Black "Miguelname"]
[Result "1-0"]
[WhiteElo "2619"]
[BlackElo "2516"]

1. b3 c5 2. e4 g6 3. Bb2 Nf6 4. e5 Nd5 5. Bc4 Nb6 6. e6 f6 7. exd7+ Bxd7 8. Qe2
Bc6 9. Nf3 Bh6 10. d3 N8d7 11. Nc3 Nxc4 12. dxc4 e5 13. h4 Qa5 14. O-O O-O-O 15.
Ne4 Rhf8 16. Rad1 Bxe4 17. Qxe4 Rfe8 18. Rd5 f5 19. Qe2 Re7 20. Rfd1 Bg7 21. Qe3
Qc7 22. Ba3 Ree8 23. Ng5 Bh6 24. Bxc5 Nxc5 25. Qxc5 Bxg5 26. hxg5 1-0

[Event "AUTO-ELITE-1043"]
[Site "http://www.queenalice.com/game.php?id=1152595"]
[Date "2013.2.16"]
[Round "2"]
[White "Miguelname"]
[Black "Cuxtal"]
[Result "0-1"]
[WhiteElo "2510"]
[BlackElo "2627"]

1. e4 e5 2. Nf3 Nc6 3. Bb5 a6 4. Ba4 Be7 5. O-O b5 6. Bb3 Nf6 7. Re1 O-O 8. c3
d6 9. h3 Be6 10. d4 Bxb3 11. axb3 Qb8 12. b4 exd4 13. Nxd4 Nxd4 14. cxd4 c6 15.
Nc3 Qb7 16. Bd2 Rfe8 17. Qf3 Rac8 18. Qg3 Bf8 19. Bg5 Nd7 20. h4 d5 21. e5 Bxb4
22. h5 a5 23. Bh6 g6 24. Qf4 a4 25. Re3 Nf8 26. Rd1 Ne6 27. Qg4 Bxc3 0-1

[Event "AUTO-OPEN-2602"]
[Site "http://www.queenalice.com/game.php?id=1186153"]
[Date "2013.5.30"]
[Round "3"]
[White "Miguelname"]
[Black "BeHappy"]
[Result "1-0"]
[WhiteElo "2525"]
[BlackElo "2407"]

1. d4 d5 2. c4 Nf6 3. g3 dxc4 4. Nf3 c5 5. Qa4+ Qd7 6. Qxd7+ Nbxd7 7. dxc5 Nxc5
8. Bg2 Be6 9. Nc3 Rc8 10. Ne5 g6 11. Be3 Bg7 12. O-O-O Nfe4 13. Nxe4 Nxe4 14.
Bxe4 Bxe5 15. Bxb7 Rb8 16. Bc6+ 1-0

[Event "AUTO-OPEN-2602"]
[Site "http://www.queenalice.com/game.php?id=1186154"]
[Date "2013.5.30"]
[Round "3"]
[White "BeHappy"]
[Black "Miguelname"]
[Result "0-1"]
[WhiteElo "2401"]
[BlackElo "2531"]

1. d4 Nf6 2. Bf4 c5 3. e3 Qb6 4. Nf3 Qxb2 5. Nbd2 Qc3 6. Rb1 cxd4 7. Rb3 Qa5 8.
exd4 Nc6 9. c4 d5 10. Qb1 e6 11. c5 Nh5 12. Be3 Qc7 13. Be2 Be7 14. Qb2 f6 15.
O-O O-O 16. Re1 g6 0-1

[Event "AUTO-ELITE-1031"]
[Site "http://www.queenalice.com/game.php?id=1187920"]
[Date "2013.6.4"]
[Round "2"]
[White "Miguelname"]
[Black "Cuxtal"]
[Result "0-1"]
[WhiteElo "2536"]
[BlackElo "2633"]

1. d4 Nf6 2. Nf3 d5 3. c4 c6 4. e3 Bf5 5. Nc3 e6 6. Nh4 Be4 7. f3 Bg6 8. Qb3 Qc7
9. Bd2 Be7 10. Nxg6 hxg6 11. O-O-O dxc4 12. Bxc4 b5 13. Be2 a6 14. Ne4 Nbd7 15.
Kb1 Rc8 16. h4 c5 17. Nxc5 Nxc5 18. dxc5 O-O 19. g4 Rfd8 20. h5 gxh5 21. g5 Nh7
22. Rxh5 g6 23. Rhh1 Qxc5 24. Bd3 Nxg5 25. Bc3 e5 26. f4 Qxe3 27. Bxe5 Nh3 28.
a3 Bf8 29. f5 Qxe5 30. Rxh3 g5 0-1

[Event "AUTO-ELITE-1031"]
[Site "http://www.queenalice.com/game.php?id=1187921"]
[Date "2013.6.4"]
[Round "2"]
[White "Cuxtal"]
[Black "Miguelname"]
[Result "1-0"]
[WhiteElo "2639"]
[BlackElo "2530"]

1. e4 e5 2. Nf3 Nc6 3. Bb5 a6 4. Ba4 Nf6 5. O-O Be7 6. Re1 b5 7. Bb3 d6 8. d3
O-O 9. Nbd2 Na5 10. Nf1 Bd7 11. Ne3 c6 12. c3 Nxb3 13. axb3 Qc7 14. Nf1 a5 15.
Bg5 Rfb8 16. Ne3 h6 17. Bxf6 Bxf6 18. h3 g6 19. d4 exd4 20. Nxd4 a4 21. Qd2 axb3
22. Nxb3 Re8 23. Red1 Rxa1 24. Nxa1 Be7 25. Nac2 Bf8 26. Qd3 h5 27. c4 bxc4 28.
Nxc4 Rd8 29. Qc3 Bg7 30. Qa5 1-0